<?xml version="1.0" encoding="UTF-8"?><marc:collection xmlns:marc="http://www.loc.gov/MARC21/slim">
  <marc:record>
    <marc:leader>00000nam  2200000zi 4500</marc:leader>
    <marc:controlfield tag="001">9.889293</marc:controlfield>
    <marc:controlfield tag="003">CaOODSP</marc:controlfield>
    <marc:controlfield tag="005">20221107172237</marc:controlfield>
    <marc:controlfield tag="006">m     o  d f      </marc:controlfield>
    <marc:controlfield tag="007">cr cn|||||||||</marc:controlfield>
    <marc:controlfield tag="008">200713t20202020onca    ob   f000 0 fre d</marc:controlfield>
    <marc:datafield tag="040" ind1=" " ind2=" ">
      <marc:subfield code="a">CaOODSP</marc:subfield>
      <marc:subfield code="b">fre</marc:subfield>
      <marc:subfield code="e">rda</marc:subfield>
      <marc:subfield code="c">CaOODSP</marc:subfield>
    </marc:datafield>
    <marc:datafield tag="043" ind1=" " ind2=" ">
      <marc:subfield code="a">n-cn---</marc:subfield>
    </marc:datafield>
    <marc:datafield tag="086" ind1="1" ind2=" ">
      <marc:subfield code="a">Fs70-5/2019-043F-PDF</marc:subfield>
    </marc:datafield>
    <marc:datafield tag="100" ind1="1" ind2=" ">
      <marc:subfield code="a">Pepin, Pierre, </marc:subfield>
      <marc:subfield code="e">auteur.</marc:subfield>
    </marc:datafield>
    <marc:datafield tag="245" ind1="1" ind2="0">
      <marc:subfield code="a">Intégration des considérations relatives aux changements climatiques, océanographiques et écologiques dans les évaluations des populations : </marc:subfield>
      <marc:subfield code="b">examen du processus de consultation scientifique de Pêches et océans Canada / </marc:subfield>
      <marc:subfield code="c">Pierre Pepin Jacquelyne King, Carrie Holt, Helen Gurney-Smith, Nancy Shackell, Kevin Hedges, Alida Bundy.</marc:subfield>
    </marc:datafield>
    <marc:datafield tag="264" ind1=" " ind2="1">
      <marc:subfield code="a">Ottawa (Ontario) : </marc:subfield>
      <marc:subfield code="b">Secrétariat canadien de consultation scientifique (SCCS), </marc:subfield>
      <marc:subfield code="c">2020.</marc:subfield>
    </marc:datafield>
    <marc:datafield tag="264" ind1=" " ind2="4">
      <marc:subfield code="c">©2020</marc:subfield>
    </marc:datafield>
    <marc:datafield tag="300" ind1=" " ind2=" ">
      <marc:subfield code="a">1 ressource en ligne (v, 76 pages) : </marc:subfield>
      <marc:subfield code="b">illustrations en couleur.</marc:subfield>
    </marc:datafield>
    <marc:datafield tag="336" ind1=" " ind2=" ">
      <marc:subfield code="a">texte</marc:subfield>
      <marc:subfield code="b">txt</marc:subfield>
      <marc:subfield code="2">rdacontent/fre</marc:subfield>
    </marc:datafield>
    <marc:datafield tag="337" ind1=" " ind2=" ">
      <marc:subfield code="a">informatique</marc:subfield>
      <marc:subfield code="b">c</marc:subfield>
      <marc:subfield code="2">rdamedia/fre</marc:subfield>
    </marc:datafield>
    <marc:datafield tag="338" ind1=" " ind2=" ">
      <marc:subfield code="a">ressource en ligne</marc:subfield>
      <marc:subfield code="b">cr</marc:subfield>
      <marc:subfield code="2">rdacarrier/fre</marc:subfield>
    </marc:datafield>
    <marc:datafield tag="490" ind1="1" ind2=" ">
      <marc:subfield code="a">Document de recherche, </marc:subfield>
      <marc:subfield code="x">2292-4272 ; </marc:subfield>
      <marc:subfield code="v">2019/043</marc:subfield>
    </marc:datafield>
    <marc:datafield tag="500" ind1=" " ind2=" ">
      <marc:subfield code="a">Publié aussi en anglais sous le titre : Incorporating climate, oceanographic and ecological change considerations into population assessments: a review of Fisheries and Oceans Canada's science advisory process.</marc:subfield>
    </marc:datafield>
    <marc:datafield tag="500" ind1=" " ind2=" ">
      <marc:subfield code="a">« Régions de Terre-Neuve-et-Labrador, du Pacifique, des Maritimes, et du Centre et Arctique. »</marc:subfield>
    </marc:datafield>
    <marc:datafield tag="500" ind1=" " ind2=" ">
      <marc:subfield code="a">« Juillet 2020. »</marc:subfield>
    </marc:datafield>
    <marc:datafield tag="504" ind1=" " ind2=" ">
      <marc:subfield code="a">Comprend des références bibliographiques (pages 55-63).</marc:subfield>
    </marc:datafield>
    <marc:datafield tag="520" ind1="3" ind2=" ">
      <marc:subfield code="a">« Nous évaluons l'utilisation des considérations climatiques, océanographiques et écologiques dans le processus de consultation scientifique sur l'évaluation des stocks de Pêches et Océans Canada. Notre évaluation repose sur la plus récente évaluation de la population pour 178 stocks dans lesquels les scientifiques du gouvernement canadien jouent un rôle de premier plan. Les évaluations ont été menées principalement dans le cadre du processus d'examen par les pairs géré par le Secrétariat canadien de consultation scientifique, mais d'autres sources comprennent les évaluations techniques régionales évaluées par des pairs et les stocks transfrontaliers. Nous avons évalué si les informations climatiques, océanographiques et écologiques étaient considérées en termes d'hypothèses ou de considérations à grande échelle, par le biais d'analyses quantitatives ou qualitatives et si les informations servaient à éclairer les recommandations concernant l'état actuel ou futur des stocks ... » -- Résumé, page v.</marc:subfield>
    </marc:datafield>
    <marc:datafield tag="650" ind1=" " ind2="6">
      <marc:subfield code="a">Ressources halieutiques</marc:subfield>
      <marc:subfield code="x">Évaluation</marc:subfield>
      <marc:subfield code="z">Canada</marc:subfield>
      <marc:subfield code="x">Méthodologie.</marc:subfield>
    </marc:datafield>
    <marc:datafield tag="650" ind1=" " ind2="6">
      <marc:subfield code="a">Baleines</marc:subfield>
      <marc:subfield code="x">Populations</marc:subfield>
      <marc:subfield code="x">Estimation</marc:subfield>
      <marc:subfield code="z">Canada</marc:subfield>
      <marc:subfield code="x">Méthodologie.</marc:subfield>
    </marc:datafield>
    <marc:datafield tag="650" ind1=" " ind2="6">
      <marc:subfield code="a">Phoques</marc:subfield>
      <marc:subfield code="x">Populations</marc:subfield>
      <marc:subfield code="x">Estimation</marc:subfield>
      <marc:subfield code="z">Canada</marc:subfield>
      <marc:subfield code="x">Méthodologie.</marc:subfield>
    </marc:datafield>
    <marc:datafield tag="710" ind1="2" ind2=" ">
      <marc:subfield code="a">Secrétariat canadien de consultation scientifique, </marc:subfield>
      <marc:subfield code="e">organisme de publication.</marc:subfield>
    </marc:datafield>
    <marc:datafield tag="775" ind1="0" ind2="8">
      <marc:subfield code="t">Incorporating climate, oceanographic and ecological change considerations into population assessments : </marc:subfield>
      <marc:subfield code="w">(CaOODSP)9.889292</marc:subfield>
    </marc:datafield>
    <marc:datafield tag="830" ind1="#" ind2="0">
      <marc:subfield code="a">Document de recherche (Secrétariat canadien de consultation scientifique)</marc:subfield>
      <marc:subfield code="v">2019/043.</marc:subfield>
      <marc:subfield code="w">(CaOODSP)9.503788</marc:subfield>
    </marc:datafield>
    <marc:datafield tag="856" ind1="4" ind2="0">
      <marc:subfield code="q">PDF</marc:subfield>
      <marc:subfield code="s">1.98 Mo</marc:subfield>
      <marc:subfield code="u">https://publications.gc.ca/collections/collection_2020/mpo-dfo/fs70-5/Fs70-5-2019-043-fra.pdf</marc:subfield>
    </marc:datafield>
  </marc:record>
</marc:collection>
